000 00403nam a2200133Ia 4500
005 20260328101513.0
008 260328s9999||||xx |||||||||||||| ||und||
100 _aSociedad Colombiana de Arquitectos
245 0 _a 11° Anuario de la Arquitectura en Colombia /
_cSociedad Colombiana de Arquitectos
260 _bSociedad Colombiana de Arquitectos
300 _a305 p.
650 _aSIGLO XX
942 _cBK
999 _c9265
_d9265